000 00601nam a22001577a 4500
003 macl
005 20250403141815.0
008 250403b |||||||| |||| 00| 0 eng d
040 _cmacl
082 _a500
100 _aडॉ.प्रताप सिंह
_983084
245 _aमध्‍यप्रदेश माध्‍यमिक शिक्ष‍क (विषय) चयन परीक्षा 2025 विज्ञान वर्ग 2
260 _aअरिहन्‍त पब्लिकेशन्‍स
_c2025
650 _aविज्ञान
942 _2ddc
_cC. BOOKS
999 _c67856
_d67856